<?xml version="1.0" encoding="UTF-8"?>
<marc:record xmlns:marc="http://www.loc.gov/MARC21/slim">
   <marc:leader>00000nam a2200000 a 4500</marc:leader>
   <marc:datafield ind1="0" ind2="0" tag="245">
      <marc:subfield code="a">Barbie und der geheimnisvolle Pegasus</marc:subfield>
   </marc:datafield>
   <marc:datafield ind1=" " ind2="1" tag="264">
      <marc:subfield code="a">Hamburg</marc:subfield>
      <marc:subfield code="b">Universal Pictures</marc:subfield>
      <marc:subfield code="c">2005</marc:subfield>
   </marc:datafield>
   <marc:datafield ind1="1" ind2=" " tag="520">
      <marc:subfield code="a">Märchenhafte Winterzeit in einem magischen Königreich! Ein böser Zauberer hat die Königstochter Annika (Barbie) entführt und droht, das ganze Königreich zu verzaubern, wenn sich Annika seinen Plänen widersetzt. Wird ihr die Begegnung mit einem geheimnisvollen Pegasus, einem fliegenden Pferd, weiterhelfen? Und kann sie, mit Hilfe eines mythischen Zauberstabs, nach vielen aufregenden Abenteuern und gefährlichen Begegnungen schließlich alles zum Guten wenden?</marc:subfield>
   </marc:datafield>
   <marc:datafield ind1="3" ind2=" " tag="024">
      <marc:subfield code="a">5050582354553</marc:subfield>
   </marc:datafield>
</marc:record>
